<?xml version="1.0" encoding="UTF-8"?>
<record
    xmlns:xsi="http://www.w3.org/2001/XMLSchema-instance"
    xsi:schemaLocation="http://www.loc.gov/MARC21/slim http://www.loc.gov/standards/marcxml/schema/MARC21slim.xsd"
    xmlns="http://www.loc.gov/MARC21/slim">

  <leader>00700nam a22001577a 4500</leader>
  <controlfield tag="003">OSt</controlfield>
  <controlfield tag="005">20160316105708.0</controlfield>
  <controlfield tag="008">160316b        xxu||||| |||| 00| 0 eng d</controlfield>
  <datafield tag="040" ind1=" " ind2=" ">
    <subfield code="c">RUA</subfield>
  </datafield>
  <datafield tag="082" ind1=" " ind2=" ">
    <subfield code="a">AGR HEN 2012 B471 Or.1</subfield>
  </datafield>
  <datafield tag="100" ind1=" " ind2=" ">
    <subfield code="9">8008</subfield>
    <subfield code="a">HENG PHEARUN ; &#x17A0;&#x17C1;&#x1784; &#x1797;&#x17B6;&#x179A;&#x17BB;&#x178E;</subfield>
  </datafield>
  <datafield tag="245" ind1=" " ind2=" ">
    <subfield code="a">The quality evaluation of bok choy through packaging materials (kandal-siem reap) ,&#x1780;&#x17B6;&#x179A;&#x179C;&#x17B6;&#x1799;&#x178F;&#x1798;&#x17D2;&#x179B;&#x17C3;&#x1782;&#x17BB;&#x178E;&#x1797;&#x17B6;&#x1796;&#x179F;&#x17D2;&#x1796;&#x17C3;&#x178F;&#x17BF;&#x178F;&#x17B6;&#x1798;&#x179A;&#x1799;&#x17C8;&#x1780;&#x17B6;&#x179A;&#x1794;&#x17D2;&#x179A;&#x17BE;&#x1794;&#x17D2;&#x179A;&#x17B6;&#x179F;&#x17CB;&#x1794;&#x179A;&#x17B7;&#x1780;&#x17D2;&#x1781;&#x17B6;&#x179C;&#x17C1;&#x1785;&#x1781;&#x17D2;&#x1785;&#x1794;&#x17CB; (&#x1781;&#x17C1;&#x178F;&#x17D2;&#x178F;&#x1780;&#x178E;&#x17D2;&#x178A;&#x17B6;&#x179B; &#x179F;&#x17C0;&#x1798;&#x179A;&#x17B6;&#x1794;)</subfield>
  </datafield>
  <datafield tag="260" ind1=" " ind2=" ">
    <subfield code="a">Phnom Penh</subfield>
    <subfield code="b">RUA</subfield>
    <subfield code="c">2012</subfield>
  </datafield>
  <datafield tag="300" ind1=" " ind2=" ">
    <subfield code="a">xi ;38p.</subfield>
    <subfield code="b">ill.</subfield>
    <subfield code="c">29cm.</subfield>
  </datafield>
  <datafield tag="942" ind1=" " ind2=" ">
    <subfield code="2">ddc</subfield>
    <subfield code="c">AGR</subfield>
  </datafield>
  <datafield tag="999" ind1=" " ind2=" ">
    <subfield code="c">7606</subfield>
    <subfield code="d">7606</subfield>
  </datafield>
  <datafield tag="952" ind1=" " ind2=" ">
    <subfield code="0">0</subfield>
    <subfield code="1">0</subfield>
    <subfield code="2">ddc</subfield>
    <subfield code="4">0</subfield>
    <subfield code="6">AGR_HEN_2012_000000000000000_B471_OR_1</subfield>
    <subfield code="7">0</subfield>
    <subfield code="9">45229</subfield>
    <subfield code="a">LBB</subfield>
    <subfield code="b">LBB</subfield>
    <subfield code="c">B471</subfield>
    <subfield code="d">2016-03-16</subfield>
    <subfield code="o">AGR HEN 2012 B471 Or.1</subfield>
    <subfield code="p">RUA058291</subfield>
    <subfield code="r">2016-03-16</subfield>
    <subfield code="w">2016-03-16</subfield>
    <subfield code="y">AGR</subfield>
  </datafield>
</record>
